Mixed Word: All 7 Words Quiz Stats

 Plays Quiz Updated Feb 18, 2012

Support Sporcle.
Go Orange.
Score 0/28 Timer 04:00
1 Play Today
% Correct
PALES
84.4%
LEAPS
71.5%
PEALS
69.8%
DRAPES
65.3%
PLEAS
60.6%
SPREAD
55.6%
CRATES
52.7%
TIMERS
51.5%
MISTER
50.6%
LAPSE
47%
TRACES
44.6%
SPARED
42.9%
MITERS
41.1%
REMITS
31.4%
% Correct
MITRES
30.3%
CASTER
26.6%
SPADER
26.2%
SEPAL
25.1%
MERITS
24.7%
CATERS
21.6%
PADRES
18.9%
SMITER
17.8%
RASPED
15.5%
PARSED
15.5%
CARETS
13.1%
RECAST
12.4%
REACTS
10.7%
SALEP
10.5%

You're not logged in!

Compare scores with friends on all Sporcle quizzes.
OR
Log In
Forgot?

From the Vault

'The Scientist' Lyrics

by mememememememe

Music 10m
Nobody said this quiz was easy.
Remove Ads.
Support Sporcle.
Get the best of Sporcle when you Go Orange. This ad-free experience offers more features, more stats, and more fun while also helping to support Sporcle. Thank you for becoming a member.

Show Comments

Extras

Top Quizzes Today


Score Distribution

Your Account Isn't Verified!

In order to create a playlist on Sporcle, you need to verify the email address you used during registration. Go to your Sporcle Settings to finish the process.

Report this User

Report this user for behavior that violates our Community Guidelines.

Details: